000 00780nam a22002537a 4500
005 20170124110029.0
010 _aA-464061
020 _c00.00
_a8122200923
035 _aA-464061
037 _bCen Lib/Ret
040 _aDPL
_bEN
082 _a615
_bDAN
100 _aDandiya, P.C.
_921222
245 _aThe complete family medecine book /
_cby P.C. Dandiya, J.S. Bapna [and] S.K. Patni
260 _aNew Delhi
_bOrient Paperbaks
_c1978
270 _aMadarsa Road, Kashmere Gate
_bNew Delhi
_e110006
300 _a236p.
_c23cm(Hb)
500 _aIncludes index.
650 _a Medicine -- modern drugs
_973074
650 _aDrugs -- side effects
_973075
700 _aBapna, J.S.
_921224
700 _aPatni. S.K.
_921225
942 _2ddc
_cEN
_h615
_mDAN
999 _c127686
_d127686